000 00299nam a2200133Ia 4500
008 201214s9999 xx 000 0 und d
100 _aChapel, Yves
245 0 _aAdministrative management for development
260 _aGeneva
260 _bUNESCO
260 _c1983
300 _a220
942 _cBK
999 _c5947
_d5947